000 00521nam a2200169Ia 4500
003 GCL
008 140319s9999 xx 000 0 ara d
040 _aGCL /
_cGCL
082 0 4 _a657.835
_bع م
100 1 _aعبدالحى مرعى
245 1 0 _aالمحاسبة القومية ونظام المحاسبات الحكومية /
_cعبدالحى مرعى
260 _a[S.N] :
_bمؤسسة شباب الجامعة
300 _a536 ص
490 _a
650 0 4 _aالمحاسبة الحكومية
942 _2ddc
_cBK
999 _c50725
_d50725